000 00578nam a2200181 i 4500
001 184609
003 ES-MaACL
005 20230906222234.0
008 151027s1935 sp |||| | spa d
100 0 _aBayle, Constantino.
_926670
245 1 3 _aUn siglo de cristiandad en el Japón /
_cpor Constantino Bayle.
260 _aBarcelona :
_bLabor,
_c1935.
300 _a195 p. :
_b8 lám. ;
_c19 cm.
490 1 _aColección pro Ecclesia et Patria ;
_v3
830 0 _aColección pro Ecclesia et Patria ;
_v3
_9192193
852 _aES-MaACL
_jC-29136
999 _c184609
_d184609